| 000 | 01258nam a22003497a 4500 | ||
|---|---|---|---|
| 003 | CHAP | ||
| 005 | 20220329133845.0 | ||
| 008 | 971013s1969 r 00010 d | ||
| 010 | _a11872 | ||
| 011 | _a12844 | ||
| 035 | _a16565 | ||
| 040 | _cCHAP | ||
| 090 | _aTesis | ||
| 100 | 0 | 0 |
_aSosa Cedillo, Ernesto R. _9108792 |
| 245 | 1 | _aAlgunos factores sociales que determinan el uso de parasiticidas agrícolas, en una región del estado de Jalisco | |
| 260 |
_aChapingo, Méx. : _bEl autor, _c1969 |
||
| 300 | _a63 h. ilus. | ||
| 502 | _aTesis (Ing. Agr. Esp. en Parasitología Agrícola) -- ENA. Departamento de Parasitología Agrícola | ||
| 590 |
_aALEPH _b10 _c20130110 _lUCH01 _h1230 |
||
| 590 |
_aBATCH-UPD _b10 _c20130109 _lUCH01 _h2335 |
||
| 590 |
_aBATCH-UPD _b10 _c20130110 _lUCH01 _h2118 |
||
| 590 |
_aBATCH-UPD _b10 _c20130409 _lUCH01 _h1902 |
||
| 590 |
_aBATCH-UPD _b10 _c20130410 _lUCH01 _h1428 |
||
| 590 |
_aBATCH-UPD _b10 _c20130914 _lUCH01 _h1337 |
||
| 590 |
_aCONVERSION _b10 _c20130109 _lUCH01 _h1308 |
||
| 650 | 1 | 4 |
_aExtensión agrícola _xJalisco. _939170 |
| 650 | 1 | 4 |
_aParasiticidas _xAplicación. _985463 |
| 901 | _aBK | ||
| 942 | _cFOLL | ||
| 949 |
_bBC _cTES _d-137376 _eTS1 _i16565 _si |
||
| 949 |
_bBC _cTES _d-137378 _eTS2 _fc.2 _h23018 _i16565 _si |
||
| 999 |
_c11872 _d11872 |
||